[Event "AUTO-ADV-2755"]
[Site "http://www.queenalice.com/game.php?id=1150480"]
[Date "2013.2.10"]
[Round "1"]
[White "ebpap123"]
[Black "simbu"]
[Result "1-0"]
[WhiteElo "1850"]
[BlackElo "1799"]

1. e4 e5 2. Nf3 Nc6 3. Bb5 a6 4. Ba4 b5 5. Bb3 Nd4 6. Nxd4 exd4 7. Qf3 f6 8. O-O
Bb7 9. Qd3 Bc5 10. c3 dxc3 11. Nxc3 Qe7 12. Nd5 Bxd5 13. Bxd5 c6 14. Bb3 O-O-O
15. a4 Kb7 16. axb5 axb5 17. Bc2 d5 18. Re1 f5 19. e5 g6 20. b3 Rd6 21. Bb2 Re6
22. Bd4 Bxd4 23. Qxd4 Nf6 24. Ra7+ Kc8 25. Rxe7 Rxe7 26. Kf1 Ng4 27. h3 Nh6 28.
Ra1 Kb8 29. Qb6+ Rb7 30. Qxc6 Rc8 31. Qd6+ Rcc7 32. Bd3 Nf7 33. Qf8+ Rc8 34.
Ra8+ Kxa8 35. Qxc8+ Ka7 36. Qc5+ 1-0

[Event "AUTO-INT-2506"]
[Site "http://www.queenalice.com/game.php?id=1153324"]
[Date "2013.2.19"]
[Round "2"]
[White "adrian_iuga"]
[Black "simbu"]
[Result "1-0"]
[WhiteElo "1923"]
[BlackElo "1733"]

1. e4 e5 2. Nf3 Nc6 3. d4 exd4 4. Nxd4 Nxd4 5. Qxd4 f6 6. Bc4 d6 7. O-O c5 8.
Qd5 Qe7 9. Bf4 g5 10. Bg3 h5 11. h3 h4 12. Bh2 a6 13. Nc3 Qc7 14. Rad1 f5 15.
exf5 Nf6 16. Rfe1+ Kd8 17. Qd3 b5 18. Bxd6 Bxd6 19. Qxd6+ Qxd6 20. Rxd6+ Nd7 21.
Be6 Rf8 22. Red1 Ra7 23. Nd5 Ke8 24. Bxd7+ Bxd7 25. Nf6+ Ke7 26. Nxd7 Rd8 27.
Re6+ Kf7 28. Ne5+ 1-0

[Event "AUTO-INT-2506"]
[Site "http://www.queenalice.com/game.php?id=1153325"]
[Date "2013.2.19"]
[Round "2"]
[White "simbu"]
[Black "adrian_iuga"]
[Result "1/2-1/2"]
[WhiteElo "1767"]
[BlackElo "1889"]

1. Nf3 Nf6 2. g3 g6 3. d3 Bg7 4. e4 d6 5. e5 dxe5 6. Nxe5 O-O 7. Bg2 Nbd7 8.
Nxd7 Qxd7 9. O-O c6 10. Nc3 Qd4 11. Be3 Qd6 12. Ne4 Nxe4 13. dxe4 Qe5 14. c3 Be6
15. Bd4 Qb5 16. Bxg7 Kxg7 17. Qd4+ Kg8 18. b3 Rfd8 19. Qb4 Qxb4 20. cxb4 b5 21.
Rad1 Rd7 22. f4 Rad8 23. Bf3 Rd4 24. e5 Rxd1 25. Bxd1 Rd4 26. Bf3 Bd5 27. a3 Rd3
28. Bxd5 Rxd5 29. Rc1 Rd3 30. Rxc6 Rxb3 31. Rc8+ Kg7 32. Rc7 Rxa3 33. Rxe7 Kf8
34. Rb7 a6 35. Rb6 Ke7 36. Kf2 Ra2+ 37. Kg1 Ra1+ 38. Kg2 Ra2+ 39. Kh3 Kd7 40. g4
Ra4 41. Kg3 Rxb4 42. Rxa6 Rb3+ 43. Kh4 b4 44. Kg5 Rf3 45. Ra7+ Ke6 46. Ra6+ Ke7
47. f5 h6+ 48. Kxh6 gxf5 49. gxf5 Rxf5 50. Rb6 Rxe5 51. Rxb4 Re6+ 1/2-1/2

[Event "AUTO-INT-2539"]
[Site "http://www.queenalice.com/game.php?id=1153547"]
[Date "2013.2.19"]
[Round "2"]
[White "JailtonMaster"]
[Black "simbu"]
[Result "1-0"]
[WhiteElo "2104"]
[BlackElo "1770"]

1. e4 e5 2. Nf3 d6 3. d4 Nf6 4. Nc3 Nbd7 5. Bg5 h6 6. Bh4 Be7 7. Bc4 O-O 8. O-O
c5 9. dxe5 dxe5 10. Re1 Nb6 11. Qe2 Nxc4 12. Qxc4 Be6 13. Qe2 Qc7 14. Bxf6 Bxf6
15. Nd5 Qa5 16. Nxf6+ gxf6 17. Nh4 Kh7 18. Qh5 Rad8 19. Re3 Qd2 20. Rg3 Rg8 21.
Rxg8 Rxg8 22. Nf5 Bxa2 23. b3 Rg6 24. g3 Qxc2 25. Ne7 Rg7 26. Qf5+ Kh8 27. Qxf6
Kh7 28. Nf5 Rg5 29. Qxh6+ 1-0

[Event "AUTO-INT-2539"]
[Site "http://www.queenalice.com/game.php?id=1153548"]
[Date "2013.2.19"]
[Round "2"]
[White "simbu"]
[Black "JailtonMaster"]
[Result "0-1"]
[WhiteElo "1807"]
[BlackElo "2008"]

1. Nf3 Nf6 2. g3 g6 3. d3 Bg7 4. e4 O-O 5. e5 Nd5 6. d4 d6 7. Bg2 dxe5 8. dxe5
Nc6 9. Bf4 Bg4 10. h3 Be6 11. Ng5 Nxf4 12. Qxd8 Nxg2+ 13. Kf1 Ne3+ 14. fxe3
Raxd8 15. Nxe6 fxe6+ 16. Kg2 Nxe5 17. Nc3 Rd2+ 18. Kg1 Rff2 0-1

[Event "AUTO-INT-2539"]
[Site "http://www.queenalice.com/game.php?id=1153549"]
[Date "2013.2.19"]
[Round "2"]
[White "Duendemalefyco"]
[Black "simbu"]
[Result "1-0"]
[WhiteElo "1828"]
[BlackElo "1758"]

1. Nf3 d5 2. g3 Nc6 3. Bg2 e6 4. O-O Nf6 5. d4 h6 6. b3 Bd6 7. Bb2 O-O 8. c4 b6
9. cxd5 exd5 10. e3 Bg4 11. Nbd2 Ne4 12. Rc1 Nb4 13. h3 Nd3 14. hxg4 Nxb2 15.
Qc2 Ba3 16. Rb1 Nxd2 17. Nxd2 Qg5 18. Rxb2 Bxb2 19. Qxb2 Qxg4 20. Nf3 Rfe8 21.
Ne5 Qe6 22. Rc1 Rac8 23. Rc6 Qf5 24. Bxd5 Kf8 25. Qa3+ Re7 26. e4 Qh5 27. Nxf7
Qd1+ 28. Kg2 Qxd4 29. Nd6 Rd8 30. Nf5 1-0

[Event "AUTO-INT-2539"]
[Site "http://www.queenalice.com/game.php?id=1153550"]
[Date "2013.2.19"]
[Round "2"]
[White "simbu"]
[Black "Duendemalefyco"]
[Result "1-0"]
[WhiteElo "1746"]
[BlackElo "1802"]

1. Nf3 Nf6 2. d3 g6 3. e4 d6 4. g3 Bg7 5. Bg2 Bg4 6. O-O O-O 7. h3 Bxf3 8. Bxf3
c5 9. Nc3 Nc6 10. Nd5 Nxd5 11. exd5 Nd4 12. Bh1 Qd7 13. c3 Nb5 14. Qa4 a6 15. c4
1-0